000 00827cam a2200277 4500
001 ABS64511
008 011008n2001 000 0 eng u
035 _a(Sirsi) u115032
245 _aRegional survey: East Anglia
260 _c2001
490 _aProperty Week
_v66(40) 5 October 2001, 59-77(9)
590 _aABS
650 _aEAST ANGLIA
650 _aCAMBRIDGE
650 _aGENOME CAMPUS
650 _aCAMBRIDGE UNIVERSITY
650 _aNORWICH
650 _aPROPERTY-COMMERCIAL PROPERTY-OFFICE PROPERTY-OFFICE PROPERTY MARKET
650 _aPROPERTY-COMMERCIAL PROPERTY-RETAIL PROPERTY-RETAIL PROPERTY MARKET
650 _aLEISURE MARKET
650 _aINDUSTRIAL MARKET
650 _aIPSWICH
650 _aPLANNING
690 _aPROPERTY-COMMERCIAL PROPERTY-COMMERCIAL PROPERTY MARKET
942 _n0
999 _c68511
_d68511